Giáo trình nguyên lý thị trường nhà đất
Cung cấp những kiến thức cơ bản về thị trường, các nguyên tắc và phương pháp đánh giá tài sản nhà đất và vai trò quản lý củanhà nước đối với loại thị trường này
Kaydedildi:
| Yazar: | |
|---|---|
| Materyal Türü: | Kitap |
| Dil: | Undetermined |
| Baskı/Yayın Bilgisi: |
Hà Nội
Chính trị Quốc gia
2000
|
| Konular: | |
| Etiketler: |
Etiketle
Etiket eklenmemiş, İlk siz ekleyin!
|
| Thư viện lưu trữ: | Trung tâm Học liệu Trường Đại học Cần Thơ |
|---|
| LEADER | 00901nam a2200205Ia 4500 | ||
|---|---|---|---|
| 001 | CTU_39857 | ||
| 008 | 210402s9999 xx 000 0 und d | ||
| 020 | |c 13500 | ||
| 082 | |a 333.73 | ||
| 082 | |b Th116 | ||
| 100 | |a Lê, Đình Thắng | ||
| 245 | 0 | |a Giáo trình nguyên lý thị trường nhà đất | |
| 245 | 0 | |c Lê Đình Thắng (chủ biên) | |
| 260 | |a Hà Nội | ||
| 260 | |b Chính trị Quốc gia | ||
| 260 | |c 2000 | ||
| 520 | |a Cung cấp những kiến thức cơ bản về thị trường, các nguyên tắc và phương pháp đánh giá tài sản nhà đất và vai trò quản lý củanhà nước đối với loại thị trường này | ||
| 650 | |a Natural resources | ||
| 904 | |i Nguyễn Quang Điền, 001207 (Nguyên sửa) | ||
| 980 | |a Trung tâm Học liệu Trường Đại học Cần Thơ | ||